A first course in optimization theory (Record no. 2108)

MARC details
000 -LEADER
fixed length control field 00416nam a2200145Ia 4500
008 - FIXED-LENGTH DATA ELEMENTS--GENERAL INFORMATION
fixed length control field 130318s9999 xx 000 0 und d
020 ## - INTERNATIONAL STANDARD BOOK NUMBER
International Standard Book Number 9780521497701
082 ## - DEWEY DECIMAL CLASSIFICATION NUMBER
Classification number 519.6 SUN/A;2
100 ## - MAIN ENTRY--PERSONAL NAME
Personal name Sundaram, Rangarajan K
245 ## - TITLE STATEMENT
Title A first course in optimization theory
260 ## - PUBLICATION, DISTRIBUTION, ETC.
Name of publisher, distributor, etc. Cambridge University Press
Place of publication, distribution, etc. New York
Date of publication, distribution, etc. 1996
300 ## - PHYSICAL DESCRIPTION
Extent 357
650 ## - SUBJECT ADDED ENTRY--TOPICAL TERM
Topical term or geographic name entry element DYNAMIC PROGRAMMING
650 ## - SUBJECT ADDED ENTRY--TOPICAL TERM
Topical term or geographic name entry element OPTIMIZATION IN ECONOMICS
Holdings
Withdrawn status Lost status Damaged status Not for loan Home library Current library Shelving location Date acquired Cost, normal purchase price Total Checkouts Full call number Barcode Date last seen Date last checked out Price effective from Koha item type
        Kerala University of Digital Sciences, Innovation and Technology Knowledge Centre Kerala University of Digital Sciences, Innovation and Technology Knowledge Centre Mathematics 18/03/2013 2077.00 1 519.6 SUN/A;2 2125 07/08/2013 22/05/2013 18/03/2013 Books